000 00609nam a2200229Ia 4500
003 OSt
005 20220923213533.0
006 a|||||r|||| 00| 0
007 ta
008 220922b |||||||| |||| 00| 0 hin d
024 _a162,689
037 _cTextual
040 _aARTS
_cARTS
_bhin
041 _2hin
_ahin
082 _aO152:3M80:64, J1-;1
100 _aप्रेमचंद
_9156277
245 0 _aसमर यात्रा
246 _aSamar yātrā
260 _c1951
942 _hO152:3M80:64, J1-;1
_cTEXL
_2CC
999 _c317169
_d317169